| 000 | 00454pab a2200169 454500 | ||
|---|---|---|---|
| 008 | 180718b2015 xxu||||| |||| 00| 0 eng d | ||
| 100 | _aRay, Sthiapragyan | ||
| 245 | _aSharing benefits of mining in schedule areas of Odisha: Issues and approaches | ||
| 260 | _c2015 | ||
| 300 | _ap.101-113. | ||
| 362 | _aMar | ||
| 650 | _aMinning - India - Odisha | ||
| 650 | _aMinning | ||
| 773 | _aASCI Journal of Management | ||
| 908 | _aN | ||
| 909 | _a107012 | ||
| 999 |
_c107007 _d107007 |
||